| 000 | 00919nam a2200253 a 4500 | ||
|---|---|---|---|
| 001 | 015408267 | ||
| 003 | Uk | ||
| 005 | 20111017210821.0 | ||
| 008 | 110802r20102007nyu b 001 0 eng c | ||
| 020 | _a023062300X | ||
| 020 | _a9780230623002 | ||
| 082 | 0 | 4 |
_a174 _222 _bBAR |
| 100 | 1 |
_aBarrera, Albino. _930215 |
|
| 245 | 1 | 0 |
_aGlobalization and Economic Ethics : _bDistributive Justice in the Knowledge Economy / _cAlbino Barrera. |
| 260 |
_aNew York, N.Y. : _bPalgrave Macmillan, _c2010. |
||
| 300 |
_axv, 286 p. ; _c22 cm. |
||
| 500 | _aOriginally published: 2007. | ||
| 504 | _aIncludes bibliographical references and index. | ||
| 650 | 0 |
_aGlobalization _xMoral and ethical aspects. _930216 |
|
| 650 | 0 |
_aDistributive justice. _930217 |
|
| 653 |
_bEco _cJune2012 |
||
| 942 |
_2ddc _cBB |
||
| 999 |
_c16792 _d16792 |
||